CITIES - Statistics

General Stats
  • This quiz has been taken 20 times
  • The average score is 7 of 10
Answer Stats
Picture Answer % Correct
Rio
100%
Sydney
100%
Rome
95%
Athens
90%
Paris
90%
Copenhagen
85%
Chicago
60%
St Petersburg
50%
San Francisco
40%
Oxford
35%
No matching quizzes found
Score Distribution
Percent of People with Each Score
Percentile by Number Answered
Your Score History
You have not taken this quiz